[Event "IECG QN.2002.0.00219"]
[Site "IECG email"]
[Date "2002.04.07"]
[Round "?"]
[White "Marples, Carl"]
[Black "Csapo, Andras"]
[Result "0-1"]
[WhiteElo "800"]
[BlackElo "800"]
[PlyCount "80"]
[EventDate "2002.04.07"]
[EventType "tourn (corr)"]
[EventRounds "6"]
[SourceTitle "Corr 2008"]
[Source "ChessBase"]
[SourceDate "2008.06.24"]
[SourceVersion "1"]
[SourceVersionDate "2008.06.24"]
[SourceQuality "1"]

1. e4 e5 2. Nf3 Nc6 3. Bc4 Nf6 4. d3 Be7 5. 0-0 0-0 6. b3 Bc5 7. Bb2 d6 8. h3 Bd4 9. c3 Bb6 10. b4 d5 11. exd5 Nxd5 12. b5 Nce7 13. Nxe5 Nf5 14. Bxd5 Qxd5 15. c4 Qd6 16. Nd2 Ng3 17. Re1 Qf6 18. Qf3 Qh4 19. Nxf7 Bxh3 20. d4 Bxg2 21. Kxg2 Rxf7 22. Qd5 Qf4 23. Nf3 Nf5 24. Re4 Qh6 25. Rae1 Raf8 26. Re8 Qg6+ 27. Kf1 c6 28. Rxf8+ Kxf8 29. Ba3+ Ne7 30. Qe4 Qxe4 31. Rxe4 Rxf3 32. Rxe7 Rxa3 33. Re3 Rxa2 34. c5 Ba5 35. bxc6 bxc6 36. Re6 Bc3 37. Rxc6 Bxd4 38. Rc8+ Ke7 39. c6 Rxf2+ 40. Ke1 Kd6 0-1